000 00520nam a2200205 i 4500
001 C2-0304243
003 PPAK
005 20180728085254.0
008 100509s xx |||| ||||| | eng d
040 _aPPAK
_beng
_cPPAK
_erda
082 0 4 _a891.2
_223
090 0 0 _a891.2
_bSAC
_dKIH
100 1 _aSahar, sachchidanand,
_eauthor
245 1 4 _aThe khvay thuaraphi
300 _a41 pages ;
_c26 cm.
336 _2rdacontent
_atext
337 _2rdamedia
_aunmediated
338 _2rdacarrier
_avolume
942 _ddc
_cB
999 _c107395
_d107395